Philosophical and sociological foundations of education (Record no. 1738)

MARC details
000 -LEADER
fixed length control field 00551cam a2200193ua 4500
008 - FIXED-LENGTH DATA ELEMENTS--GENERAL INFORMATION
fixed length control field 110811n ii |||gr||||Z||||||eng
040 ## - CATALOGING SOURCE
Transcribing agency MAIN
082 ## - DEWEY DECIMAL CLASSIFICATION NUMBER
Classification number 370.1
100 ## - MAIN ENTRY--PERSONAL NAME
Personal name Bhatia, Kamala,
Relator term
245 1# - TITLE STATEMENT
Title Philosophical and sociological foundations of education
Statement of responsibility, etc. by Kamala Bhatia
250 ## - EDITION STATEMENT
Edition statement 1st.
260 ## - PUBLICATION, DISTRIBUTION, ETC.
Place of publication, distribution, etc. Delhi:
Name of publisher, distributor, etc. Doaba House,
Date of publication, distribution, etc. 2000.
300 ## - PHYSICAL DESCRIPTION
Extent xv; 331p:
Dimensions 23CM.
700 ## - ADDED ENTRY--PERSONAL NAME
Personal name Bhatia, Baldev,
Relator term
942 ## - ADDED ENTRY ELEMENTS (KOHA)
Koha item type Books
653 ## - INDEX TERM--UNCONTROLLED
Uncontrolled term Education
653 ## - INDEX TERM--UNCONTROLLED
Uncontrolled term Philosophical and sociological foundations of education
Holdings
Withdrawn status Lost status Damaged status Not for loan Home library Current library Shelving location Date acquired Total Checkouts Full call number Barcode Date last seen Copy number Price effective from Koha item type
        Central Library, Naharkatiya College Central Library, Naharkatiya College General Stacks 19/09/2020   370.1 | BHA 11283 19/09/2020 4 19/09/2020 Books
        Central Library, Naharkatiya College Central Library, Naharkatiya College General Stacks 19/09/2020   370.1 | BHA 11284 19/09/2020 2 19/09/2020 Books
        Central Library, Naharkatiya College Central Library, Naharkatiya College General Stacks 19/09/2020   370.1 | BHA 11289 19/09/2020 3 19/09/2020 Books
        Central Library, Naharkatiya College Central Library, Naharkatiya College General Stacks 19/09/2020   370.1 | BHA 11459 19/09/2020 5 19/09/2020 Books
        Central Library, Naharkatiya College Central Library, Naharkatiya College General Stacks 19/09/2020   370.1 | BHA 11460 19/09/2020 1 19/09/2020 Books

Naharkatiya College © 2020. All rights reserved.

Powered By